Nomeie um Clube Profissional de São Paulo válido - Statistics

Estatísticas Gerais
  • Esse quiz foi jogado 366 vezes
  • A pontuação média é 12 de 20
Estatísticas das Respostas
Letra Clubes % Correto
P Palmeiras | Ponte Preta | Portuguesa | Primavera | Paulista | Penapolense
98%
S Santo André | Santos | São Bernardo | São Paulo | São Bento | São Caetano | São José | Sertãozinho | Suzano | Santacruzense | São Carlos | Ska Brasil
98%
C Corinthians | Capivariano | Comercial | Catanduva | Colorado Caieiras
97%
G Grêmio Novorizontino | Guarani | Grêmio Prudente | Grêmio São-Carlense | Guarulhos
79%
A Água Santa | Audax | América | Amparo | Andradina | Assisense | Atlético Mogi
78%
M Mirassol | Monte Azul | Marília | Matonense | Manthiqueira | Mauá | Mauaense
74%
I Inter de Limeira | Ituano | Independente | Inter de Bebedouro | Itapirense | Itararé
73%
F Ferroviária | Flamengo | Fernandópolis | Francana
65%
B Botafogo | Bandeirantes | Barretos | Batatais
64%
X XV Piracicaba | XV Jaú
64%
J Juventus | Joseense | Jabaquara
61%
R Red Bull Bragantino | Red Bull Brasil | Rio Claro | Rio Preto | Rio Branco
61%
O Oeste | Olímpia | Osvaldo Cruz
48%
L Lemense | Linense
44%
N Nacional | Noroeste
43%
T Taubaté | Taquaritinga
39%
V Velo Clube | Votuporanguense | VOCEM
39%
U União Mogi | União São João
32%
D Desportivo Brasil
18%
E ECUS
9%
Nenhum quiz correspondente encontrado
Distribuição das Pontuações
Porcentagem de Pessoas com Cada Pontuação
Percentil de Números Respondidos
Sua Pontuação Histórica
Você não jogou esse quiz